Γράφοντας για την τηλεόραση
Αποθηκεύτηκε σε:
| Κύριος συγγραφέας: | |
|---|---|
| Άλλοι συγγραφείς: | , |
| Μορφή: | Βιβλίο |
| Γλώσσα: | Greek English |
| Δημοσίευση: |
Αθήνα :
Νέα Σύνορα,
1993.
|
| Θέματα: | |
| Ετικέτες: |
Προσθήκη ετικέτας
Δεν υπάρχουν, Καταχωρήστε ετικέτα πρώτοι!
|
MARC
| LEADER | 00000cam a2200000 i 4500 | ||
|---|---|---|---|
| 001 | 1/13148 | ||
| 008 | 001120s1993 gr | ||| |||| ||gre|| | ||
| 020 | |a 9602363118 | ||
| 035 | |l 10064505 | ||
| 040 | |a GR-MyUA |b gre |e AACR2 | ||
| 041 | 1 | |a gre |h eng | |
| 082 | 0 | |a 808.225 | |
| 100 | 1 | |a Kaminsky, Stuart M. | |
| 245 | 1 | 0 | |a Γράφοντας για την τηλεόραση / |c Stuart M. Kaminsky, Mark Walker ; μετάφραση απο τα αγγικά Χριστιάννα Σακελλαροπούλου. |
| 260 | |a Αθήνα : |b Νέα Σύνορα, |c 1993. | ||
| 300 | |a 231 σ. | ||
| 500 | |a Τίτλος πρωτοτύπου: Writing for television. | ||
| 650 | 0 | 0 | |a Television authorship. |
| 700 | 1 | |a Walker, Mark, |d 1960- | |
| 700 | 1 | |a Σακελλαροπούλου, Χριστιάνα, |e trlf | |
| 852 | |a INST |b LESVOS |e 20020930 |h 808.225 KAM |p 005100025000 |q 005100025000 |t BK |y 0 | ||
| 852 | |a INST |b LESVOS |e 20001120 |h 808.225 KAM |p 005100025446 |q 005100025446 |t BK |y 0 | ||
| 901 | |a BIBL1-2000-3 | ||
| 909 | |a Λ |b 082283 | ||
| 909 | |a Λ |b 102481 | ||
| 922 | |a 1ΕΛΗ |b 200011 |c ΤΑΚ/ΠΤΕ |d ΠΑΠΑΣΩΤΗΡΙΟΥ | ||
| 950 | |a 185-2000-07-07 | ||
| 970 | |a ΤΖΑΦΕΡΗ |b ΕΥΑΓΓΕΛΙΑ |z 2000/11/20 | ||